=LDR 00000nam 2200000 4500 =001 NUTBA000000000005006 =005 20141016092119.0 =006 =007 =008 =020 ##$$a 978-602-9361-38-4 =035 ##$$a 0010-101400000000236 =040 ##$$a NBPDMAT =082 ##$$a 634.959 8 =090 ##$$a 634.959 8 $b Boy m =100 ##$$a Boy Bagus Belawana =245 ##$$a Melindungi hutan di Indonesia / Boy Bagus Belawa ; editor, Eko P =260 ##$$a Jakarta : $b Regia Jactra, $c 2013 =300 ##$$a iv, 83 hlm. : $b ilus. ; $c 24 cm. =500 ##$$a Bibliografi : hlm.81, Indeks hlm. 82 =650 ##$$a Hutan dan kehutanan-Indonesia